LEADER 02289nam 2200529 450 001 000003058 005 20070503173500.0 010 $a2-251-01370-9$b(v.2) 010 $a2-251-01359-8$b(v.1) 100 $a20040625d1993----km-y0itay0103----ba 101 1 $afre$alat 102 $aFR 200 1 $a<> fastes$fOvide$gtexte établi, traduit et commenté par Robert Schilling 200 1 $a1 $n0006543 210 $aParis$c<> belles lettres 215 $av.$d20 cm. 225 1 $aCollection des universités de France 327 $aTome 2.: Livres 4.-6. - 1993. - 259 p.$aTome 1.: Livres 1.-3. - 2. tirage. - 2003. - LXIX, 163 p. : 1 cart. geogr.$aTome 2.: Livres 4.-6. - 2. tirage. - 2003. - 259 p. (2-103 doppie) 410 0$12001$aCollection des universités de France 676 $a871.01$v(21. ed.)$9Poesia latina. Periodo romano, fino al 499 ca 700 1$aOvidius Naso,$bPublius$0154954 702 1$aSchilling,$bRobert 801 0$aIT$bUniversità della Basilicata - B.I.A.$gRICA$2unimarc 912 $a000003058 996 $aFastes$972552 997 $aUNIBAS BAS $aMONLET BAS $aMONOGR BAS $aLETTERE CAT $aGLAGUARDIA$b01$c19990927$lBAS01$h1017 CAT $aDILEO$b20$c19990929$lBAS01$h0924 CAT $aDILEO$b20$c19990929$lBAS01$h0931 CAT $c20000913$lBAS01$h1425 CAT $c20000920$lBAS01$h1830 CAT $c20001010$lBAS01$h1633 CAT $aDILEO$b21$c20040625$lBAS01$h1225 CAT $aDILEO$b21$c20040625$lBAS01$h1227 CAT $c20050601$lBAS01$h1753 CAT $abatch$b01$c20050718$lBAS01$h1047 CAT $c20050718$lBAS01$h1107 CAT $c20050718$lBAS01$h1137 CAT $c20050718$lBAS01$h1151 CAT $aBATCH$b00$c20070503$lBAS01$h1735 FMT Z30 -1$lBAS01$LBAS01$mBOOK$1BASA1$APolo Storico-Umanistico$2GEN$BCollezione generale$3FP/84875$9FP/84875$684875$5L84875$819990927$b2$e259 p.$f02$FPrestabile Generale$hVol. 2 : Livres 4. - 6. Z30 -1$lBAS01$LBAS01$mBOOK$1BASA4$APolo di Matera$2DID$BDidattica$3MSR/102373$6102373$5L102373$820040625$b1$f04$FPrestabile Didattica$h1: Livres 1.-3. Z30 -1$lBAS01$LBAS01$mBOOK$1BASA4$APolo di Matera$2DID$BDidattica$3MSR/102374$6102374$5L102374$820040625$b2$f04$FPrestabile Didattica$h2: Livres 4.-6.